[Event "World Youth U-16 Olympiad 2018"]
[Site "Konya"]
[Date "2018.11.28"]
[Round "5"]
[White "Abdusattorov, Nodirbek"]
[Black "Esipenko, Andrey"]
[Result "1/2-1/2"]
[WhiteElo "2560"]
[BlackElo "2609"]
[Annotator "TA"]
[PlyCount "72"]
[EventDate "2018.11.25"]
[EventType "team-tourn"]
[EventCountry "TUR"]
[SourceTitle "playchess.com"]
[Source "ChessBase"]
[SourceQuality "1"]
[WhiteTeam "Uzbekistan"]
[BlackTeam "Russia"]
[WhiteTeamCountry "UZB"]
[BlackTeamCountry "RUS"]

1. d4 Nf6 2. c4 g6 3. Nc3 d5 4. Bg5 Ne4 5. Bf4 Nxc3 6. bxc3 Bg7 7. e3 O-O 8. Nf3 c5 9. Be5 Bxe5 10. Nxe5 cxd4 11. cxd4 Nd7 12. Nf3 Nf6 13. Bd3 dxc4 14. Bxc4 Qa5+ 15. Qd2 Qxd2+ 16. Kxd2 Ne4+ 17. Ke2 Nd6 18. Bb3 Bd7 19. Rhc1 Rfc8 20. Ne5 Bb5+ 21. Kd2 Kf8 22. f3 f6 23. Nd3 Nc4+ 24. Bxc4 Rxc4 25. Rcb1 Bc6 26. a3 Rd8 27. Rb4 Rxb4 28. axb4 a6 29. Nc5 Kf7 30. Rc1 Rd6 31. Ke1 g5 32. Nb3 Ba4 33. Nc5 Bc6 34. Nb3 Ba4 35. Nc5 Bc6 36. Nb3 Ba4 1/2-1/2

[Event "World Youth U-16 Olympiad 2018"]
[Site "Konya"]
[Date "2018.11.28"]
[Round "5"]
[White "Erigaisi Arjun"]
[Black "Sargsyan, Shant"]
[Result "1/2-1/2"]
[WhiteElo "2531"]
[BlackElo "2463"]
[Annotator "TA"]
[PlyCount "84"]
[EventDate "2018.11.25"]
[EventType "team-tourn"]
[EventCountry "TUR"]
[SourceTitle "playchess.com"]
[Source "ChessBase"]
[SourceQuality "1"]
[WhiteTeam "India"]
[BlackTeam "Armenia"]
[WhiteTeamCountry "IND"]
[BlackTeamCountry "ARM"]

1. Nf3 d5 2. d4 Nf6 3. c4 e6 4. Nc3 Bb4 5. Bg5 dxc4 6. e4 h6 7. Bxf6 Qxf6 8. Bxc4 c5 9. O-O cxd4 10. Nb5 Qe7 11. Qxd4 O-O 12. Nxa7 Bc5 13. Nxc8 Rxc8 14. Qd3 Nc6 15. g3 g5 16. h3 Qf6 17. Qe2 Rd8 18. Kg2 Nd4 19. Nxd4 Rxd4 20. Rad1 Rad8 21. Bb3 Rxd1 22. Rxd1 Rxd1 23. Bxd1 Qd4 24. Qc2 b5 25. a3 b4 26. axb4 Qxb4 27. Bh5 Qd4 28. Qe2 Kg7 29. Qf3 Qf6 30. Qe2 Qd4 31. b3 Bb6 32. Qf3 Qf6 33. b4 Qxf3+ 34. Kxf3 f5 35. exf5 exf5 36. Ke2 Kf6 37. f3 Bc7 38. g4 fxg4 39. hxg4 Bd6 40. b5 Bc5 41. Kd3 Ke5 42. Kc4 Bb6 1/2-1/2

[Event "World Youth U-16 Olympiad 2018"]
[Site "Konya"]
[Date "2018.11.28"]
[Round "5"]
[White "Sindarov, Javokhir"]
[Black "Pogosyan, Stefan"]
[Result "1/2-1/2"]
[WhiteElo "2513"]
[BlackElo "2381"]
[Annotator "TA"]
[PlyCount "63"]
[EventDate "2018.11.25"]
[EventType "team-tourn"]
[EventCountry "TUR"]
[SourceTitle "playchess.com"]
[Source "ChessBase"]
[SourceQuality "1"]
[WhiteTeam "Uzbekistan"]
[BlackTeam "Russia"]
[WhiteTeamCountry "UZB"]
[BlackTeamCountry "RUS"]

1. e4 e5 2. Nf3 Nc6 3. d4 exd4 4. Nxd4 Bc5 5. Be3 Qf6 6. c3 Nge7 7. Bc4 d6 8. O-O Ne5 9. Bb3 Qg6 10. f3 Bd7 11. Nd2 O-O-O 12. Kh1 f5 13. Qe2 Rhf8 14. Bc2 fxe4 15. Nxe4 Bb6 16. Bg5 Rde8 17. Rad1 d5 18. Bxe7 Rxe7 19. Nc5 Qf7 20. Nxd7 Nxd7 21. Qd2 g6 22. a4 Rfe8 23. b4 Ne5 24. Bb3 a5 25. bxa5 Bxa5 26. Nb5 Rd7 27. Bxd5 Red8 28. Bxf7 Rxd2 29. Bb3 c6 30. Nd4 Bxc3 31. Rxd2 Bxd2 32. Ne6 1/2-1/2

[Event "World Youth U-16 Olympiad 2018"]
[Site "Konya"]
[Date "2018.11.28"]
[Round "5"]
[White "Matviishen, Viktor"]
[Black "Degraeve, Remy"]
[Result "1/2-1/2"]
[WhiteElo "2476"]
[BlackElo "2384"]
[Annotator "TA"]
[PlyCount "117"]
[EventDate "2018.11.25"]
[EventType "team-tourn"]
[EventCountry "TUR"]
[SourceTitle "playchess.com"]
[Source "ChessBase"]
[SourceQuality "1"]
[WhiteTeam "Ukraine"]
[BlackTeam "France"]
[WhiteTeamCountry "UKR"]
[BlackTeamCountry "FRA"]

1. c4 Nf6 2. Nc3 e6 3. e4 d5 4. e5 d4 5. exf6 dxc3 6. bxc3 Qxf6 7. d4 b6 8. Be2 Bb7 9. Bf3 Bxf3 10. Nxf3 Bd6 11. Qa4+ c6 12. O-O O-O 13. Rb1 Qd8 14. Be3 Qc7 15. c5 bxc5 16. dxc5 Be7 17. Bf4 Qc8 18. Bd6 Re8 19. Ne5 Nd7 20. Nxc6 Bf8 21. Bxf8 Kxf8 22. Rfd1 Qc7 23. Nd4 Nxc5 24. Qc4 a6 25. Nb3 Rac8 26. Nxc5 Qxc5 27. Qxa6 Qxc3 28. h3 Kg8 29. Rd7 Rc7 30. Qd6 Rxd7 31. Qxd7 Ra8 32. Qd6 g6 33. Rb8+ Rxb8 34. Qxb8+ Kg7 35. Qa7 g5 36. a4 h5 37. Qe3 Qa1+ 38. Kh2 Kg6 39. Qe4+ Kg7 40. h4 g4 41. Qf4 f6 42. Qc7+ Kg6 43. a5 e5 44. Qb6 e4 45. Qb4 Qe5+ 46. g3 e3 47. fxe3 Qxe3 48. Qb2 Qd3 49. Qa2 Qf1 50. Qc2+ Kh6 51. Qg2 Qd3 52. Qf2 Kg6 53. Qa2 Qf1 54. Qg8+ Kh6 55. Qh8+ Kg6 56. Qe8+ Kh6 57. Qe3+ Kg7 58. Qe7+ Kh6 59. Qf8+ 1/2-1/2

[Event "World Youth U-16 Olympiad 2018"]
[Site "Konya"]
[Date "2018.11.28"]
[Round "5"]
[White "Tsoi, Dmitry"]
[Black "Yakubboev, Nodirbek"]
[Result "0-1"]
[WhiteElo "2429"]
[BlackElo "2549"]
[Annotator "TA"]
[PlyCount "98"]
[EventDate "2018.11.25"]
[EventType "team-tourn"]
[EventCountry "TUR"]
[SourceTitle "playchess.com"]
[Source "ChessBase"]
[SourceQuality "1"]
[WhiteTeam "Russia"]
[BlackTeam "Uzbekistan"]
[WhiteTeamCountry "RUS"]
[BlackTeamCountry "UZB"]

1. c4 e5 2. g3 Nc6 3. Bg2 Bc5 4. Nc3 a6 5. e3 d6 6. Nge2 Nge7 7. O-O h5 8. d4 Ba7 9. b4 h4 10. b5 axb5 11. cxb5 Na5 12. dxe5 hxg3 13. hxg3 dxe5 14. Qxd8+ Kxd8 15. Ba3 c6 16. Bb4 Bb6 17. Na4 Bc7 18. b6 Bb8 19. Rfd1+ Ke8 20. Rac1 Bg4 21. f3 Be6 22. Nc5 Nd5 23. Bxa5 Rxa5 24. e4 Rxc5 25. Rxc5 Nxb6 26. Rb1 Kd8 27. Ra5 Kc7 28. Nc3 Nc4 29. Ra8 b6 30. Na4 Kb7 31. Rxb8+ Rxb8 32. Nc5+ Kc8 33. Nxe6 fxe6 34. Rc1 Na5 35. Kh2 Kd7 36. Kh3 Rh8+ 37. Kg4 Rh2 38. Bf1 Rxa2 39. Kg5 Rf2 40. Kg6 Rxf3 41. g4 Rg3 42. Be2 Nb3 43. Rd1+ Ke7 44. Rf1 Nd4 45. Bd1 b5 46. g5 Kd6 47. Rf7 Rg1 48. Bh5 c5 49. Rxg7 c4 0-1

[Event "World Youth U-16 Olympiad 2018"]
[Site "Konya"]
[Date "2018.11.28"]
[Round "5"]
[White "Bjerre, Jonas Buhl"]
[Black "Csiki, Endre"]
[Result "1/2-1/2"]
[WhiteElo "2422"]
[BlackElo "2282"]
[Annotator "TA"]
[PlyCount "67"]
[EventDate "2018.11.25"]
[EventType "team-tourn"]
[EventCountry "TUR"]
[SourceTitle "playchess.com"]
[Source "ChessBase"]
[SourceQuality "1"]
[WhiteTeam "Denmark"]
[BlackTeam "Hungary"]
[WhiteTeamCountry "DEN"]
[BlackTeamCountry "HUN"]

1. e4 e6 2. d4 d5 3. Nd2 a6 4. Ngf3 c5 5. exd5 exd5 6. Be2 Nf6 7. O-O Be7 8. dxc5 Bxc5 9. Nb3 Bb6 10. Nbd4 O-O 11. c3 Nc6 12. Bf4 Re8 13. h3 Nxd4 14. Nxd4 Bxd4 15. cxd4 Bf5 16. Be3 Rc8 17. Qb3 Qd7 18. Rac1 Ne4 19. Bf3 h6 20. Qb4 Be6 21. Rxc8 Rxc8 22. Rc1 Rxc1+ 23. Bxc1 Qc7 24. Be3 f5 25. Qa4 Bf7 26. Qd1 g5 27. Qc1 Qxc1+ 28. Bxc1 Be8 29. h4 Bb5 30. hxg5 hxg5 31. Bd1 f4 32. g3 fxg3 33. fxg3 Nxg3 34. Bxg5 1/2-1/2

[Event "World Youth U-16 Olympiad 2018"]
[Site "Konya"]
[Date "2018.11.28"]
[Round "5"]
[White "Brodsky, David"]
[Black "Zarubitski, Viachaslau"]
[Result "0-1"]
[WhiteElo "2415"]
[BlackElo "2417"]
[Annotator "TA"]
[PlyCount "158"]
[EventDate "2018.11.25"]
[EventType "team-tourn"]
[EventCountry "TUR"]
[SourceTitle "playchess.com"]
[Source "ChessBase"]
[SourceQuality "1"]
[WhiteTeam "United States"]
[BlackTeam "Belarus"]
[WhiteTeamCountry "USA"]
[BlackTeamCountry "BLR"]

1. e4 e5 2. Nf3 Nc6 3. Bc4 Bc5 4. O-O Nf6 5. d3 d6 6. c3 O-O 7. Re1 a6 8. Bg5 h6 9. Bh4 g5 10. Bg3 Ba7 11. Bb3 Bg4 12. Nbd2 Nh5 13. h3 Bxf3 14. Qxf3 Nxg3 15. Qxg3 Qf6 16. Nf3 Kg7 17. Bd5 Ne7 18. h4 Nxd5 19. hxg5 hxg5 20. exd5 Kg6 21. Re4 Rh8 22. d4 Rh5 23. dxe5 Rah8 24. Rh4 dxe5 25. Rxh5 Rxh5 26. Nxe5+ Kg7 27. Ng4 Qe7 28. Qf3 Kg6 29. Rd1 f5 30. Ne3 g4 31. Qg3 Qh7 32. Kf1 Bxe3 33. fxe3 Rh1+ 34. Ke2 Rxd1 35. Kxd1 Qh1+ 36. Kc2 Qf1 37. d6 Qe2+ 38. Kc1 cxd6 39. Qxd6+ Kh5 40. Qh2+ Kg6 41. Qd6+ Kh5 42. Qh2+ Kg6 43. Qg3 Kh5 44. a4 Qf1+ 45. Kd2 Qb1 46. Qh2+ Kg5 47. Qf4+ Kh4 48. Qh2+ Kg5 49. Qf4+ Kh4 50. Qb4 Kg3 51. Qxb7 Kf2 52. a5 Qe1+ 53. Kc2 Qe2+ 54. Kb3 g3 55. c4 Qxe3+ 56. Ka2 f4 57. c5 Qxc5 58. Qxa6 Qd5+ 59. Ka3 f3 60. Qb6+ Kxg2 61. a6 Qd3+ 62. b3 f2 63. Qc6+ Kh2 64. a7 f1=Q 65. a8=Q Qa1+ 66. Kb4 Qdd4+ 67. Kb5 Qxa8 68. Qxa8 Qe5+ 69. Kc4 g2 70. Qa2 Qe4+ 71. Kb5 Kh1 72. Qa1+ g1=Q 73. Qh8+ Qh2 74. Qa1+ Kg2 75. Qb2+ Kh3 76. Qh8+ Kg3 77. Qc3+ Qf3 78. Qg7+ Kf2 79. Qd4+ Qe3 0-1

[Event "World Youth U-16 Olympiad 2018"]
[Site "Konya"]
[Date "2018.11.28"]
[Round "5"]
[White "Kosakowski, Jakub"]
[Black "Thilakarathne, G M H"]
[Result "1-0"]
[WhiteElo "2413"]
[BlackElo "2346"]
[Annotator "TA"]
[PlyCount "112"]
[EventDate "2018.11.25"]
[EventType "team-tourn"]
[EventCountry "TUR"]
[SourceTitle "playchess.com"]
[Source "ChessBase"]
[SourceQuality "1"]
[WhiteTeam "Poland"]
[BlackTeam "Sri Lanka"]
[WhiteTeamCountry "POL"]
[BlackTeamCountry "SRI"]

1. e4 e5 2. Nf3 Nf6 3. Nxe5 d6 4. Nc4 Nxe4 5. Qe2 Qe7 6. Ne3 c6 7. g3 d5 8. Bg2 Nd6 9. d4 Nf5 10. c3 g6 11. O-O Nxe3 12. Bxe3 Bg7 13. Nd2 O-O 14. Rfe1 Re8 15. Qf1 Be6 16. Nb3 Nd7 17. a4 a5 18. Bf4 b6 19. Nc1 Qf8 20. Nd3 Bf5 21. Bh3 Bxh3 22. Qxh3 f5 23. Qf1 Rxe1 24. Rxe1 Re8 25. b4 Kf7 26. bxa5 bxa5 27. Bc7 Rxe1 28. Qxe1 Qa8 29. Nf4 Nf8 30. Bd6 Qe8 31. Qxe8+ Kxe8 32. Bc7 Bh6 33. Nd3 Kd7 34. Bxa5 Kc8 35. Ne5 Kb7 36. Nf7 Bd2 37. Nd8+ Ka6 38. Bb4 Nd7 39. Nxc6 Nb6 40. a5 Na4 41. c4 Bxb4 42. Nxb4+ Kxa5 43. Nxd5 Nb2 44. Nf6 Nxc4 45. Nxh7 Kb5 46. Kg2 Kc6 47. Kf3 Kd5 48. Kf4 Kxd4 49. Nf8 Ne5 50. Nxg6 Nxg6+ 51. Kxf5 Ne7+ 52. Ke6 Nc6 53. h4 Ke4 54. h5 Nd4+ 55. Kf6 Nf5 56. f3+ Kd5 1-0

[Event "World Youth U-16 Olympiad 2018"]
[Site "Konya"]
[Date "2018.11.28"]
[Round "5"]
[White "Garayev, Kanan"]
[Black "Stevanic, David"]
[Result "0-1"]
[WhiteElo "2406"]
[BlackElo "2237"]
[Annotator "RC"]
[PlyCount "120"]
[EventDate "2018.11.25"]
[EventType "team-tourn"]
[EventCountry "TUR"]
[SourceTitle "playchess.com"]
[Source "ChessBase"]
[SourceQuality "1"]
[WhiteTeam "Azerbaijan"]
[BlackTeam "Slovenia"]
[WhiteTeamCountry "AZE"]
[BlackTeamCountry "SLO"]

1. d4 Nf6 2. c4 g6 3. Nc3 Bg7 4. e4 d6 5. Nf3 O-O 6. Be2 e5 7. O-O Na6 8. Be3 Ng4 9. Bg5 f6 10. Bc1 f5 11. h3 Nf6 12. dxe5 dxe5 13. exf5 e4 14. Ng5 gxf5 15. c5 Qe8 16. Bxa6 bxa6 17. h4 h6 18. Nh3 Be6 19. f3 Rd8 20. Qe2 Qf7 21. Qf2 exf3 22. Qxf3 Ng4 23. Bf4 Bc4 24. Rfd1 Bd4+ 25. Kh1 Qe7 26. Qg3 Qxc5 27. Bxh6 Rfe8 28. Bg5 Rd7 29. b3 Bf7 30. Rac1 Bf2 31. Qf3 Rxd1+ 32. Rxd1 Qe5 33. Bf4 Qe1+ 34. Ng1 Bxg1 35. Rxe1 Rxe1 36. Qa8+ Kh7 37. g3 Bd4+ 38. Kg2 Bxc3 39. Qc6 Bg7 40. Kf3 Nf6 41. Qxc7 Bh5+ 42. Kf2 Re2+ 43. Kf1 Ne4 44. Qxa7 Nd2+ 45. Bxd2 Rxd2 46. Qxa6 Rd1+ 47. Kg2 Rd2+ 48. Kf1 Bg4 49. Qe6 Rxa2 50. h5 Ra1+ 51. Kg2 Ra2+ 52. Kf1 Be2+ 53. Qxe2 Rxe2 54. Kxe2 Kh6 55. Kf3 Kxh5 56. Kf4 Kg6 57. b4 Bh6+ 58. Ke5 Be3 59. b5 Kg5 60. Kd5 Bf2 0-1

[Event "World Youth U-16 Olympiad 2018"]
[Site "Konya"]
[Date "2018.11.28"]
[Round "5"]
[White "Badelka, Olga"]
[Black "Niemann, Hans"]
[Result "0-1"]
[WhiteElo "2390"]
[BlackElo "2439"]
[Annotator "RC"]
[PlyCount "114"]
[EventDate "2018.11.25"]
[EventType "team-tourn"]
[EventCountry "TUR"]
[SourceTitle "playchess.com"]
[Source "ChessBase"]
[SourceQuality "1"]
[WhiteTeam "Belarus"]
[BlackTeam "United States"]
[WhiteTeamCountry "BLR"]
[BlackTeamCountry "USA"]

1. d4 d5 2. c4 c6 3. Nf3 Nf6 4. Nc3 dxc4 5. a4 Bf5 6. e3 e6 7. Bxc4 Bb4 8. O-O O-O 9. Nh4 Bg6 10. Nxg6 hxg6 11. Qb3 Qe7 12. e4 a5 13. e5 Nd5 14. Ne4 Qh4 15. Qf3 Be7 16. g3 Qh3 17. Bd2 Nd7 18. Rfc1 c5 19. Bb5 N5b6 20. Nxc5 Bxc5 21. dxc5 Nxe5 22. Qe2 Nbd7 23. Bf4 Nc6 24. Bxc6 bxc6 25. Bd6 Rfc8 26. Rc4 Nf6 27. g4 g5 28. Ra3 Qh7 29. Qd3 Qh6 30. Kg2 Ra7 31. Qc2 Qh7 32. Qxh7+ Kxh7 33. h4 gxh4 34. g5 Nd5 35. g6+ Kxg6 36. Rg4+ Kf5 37. Rxg7 e5 38. Ra1 Nf4+ 39. Kh2 Nh5 40. Rh7 Kg6 41. Rxh5 Kxh5 42. Bxe5 Re7 43. Bc3 Rg8 44. Bxa5 Re2 45. Rf1 Rxb2 46. Bc7 Ra2 47. a5 Rg5 48. Bb6 Rf5 49. Kg1 h3 50. Kh2 Rf3 51. Bc7 Raxf2+ 52. Rxf2 Rxf2+ 53. Kxh3 Rf3+ 54. Kg2 Kg4 55. Bb8 Ra3 56. Bc7 Ra2+ 57. Kf1 Kf3 0-1

[Event "World Youth U-16 Olympiad 2018"]
[Site "Konya"]
[Date "2018.11.28"]
[Round "5"]
[White "Gorshtein, Ido"]
[Black "Schitco, Ivan"]
[Result "1/2-1/2"]
[WhiteElo "2390"]
[BlackElo "2376"]
[Annotator "NA RC"]
[PlyCount "148"]
[EventDate "2018.11.25"]
[EventType "team-tourn"]
[EventCountry "TUR"]
[SourceTitle "playchess.com"]
[Source "ChessBase"]
[SourceQuality "1"]
[WhiteTeam "Israel"]
[BlackTeam "Moldova"]
[WhiteTeamCountry "ISR"]
[BlackTeamCountry "MDA"]

1. c4 Nf6 2. Nc3 e5 3. e3 c6 4. Nf3 d6 5. d4 Nbd7 6. Be2 Be7 7. O-O O-O 8. b4 Qc7 9. Bb2 Re8 10. Qc2 Bf8 11. Rac1 g6 12. Rfd1 Bg7 13. h3 exd4 14. Nxd4 Nf8 15. Qd2 Ne6 16. Nxe6 Rxe6 17. Nd5 Qd8 18. Nf4 Re8 19. Bd4 Ne4 20. Qb2 Bxd4 21. Qxd4 Qb6 22. a3 Bf5 23. g4 Qxd4 24. Rxd4 g5 25. Ng2 Bg6 26. f3 Ng3 27. Re1 Nxe2+ 28. Rxe2 a5 29. b5 cxb5 30. cxb5 Re5 31. a4 Rc8 32. Kf2 Rec5 33. e4 Rc4 34. Red2 d5 35. exd5 Kf8 36. Rxc4 Rxc4 37. Ne3 Rxa4 38. d6 Ke8 39. Nd5 Rc4 40. Nf6+ Kd8 41. Re2 Rc2 42. Rxc2 Bxc2 43. Ke2 b6 44. Kd2 Bb1 45. Kc3 h6 46. Nd5 Kd7 47. Nxb6+ Kxd6 48. Nc4+ Kc5 49. b6 Kc6 50. Kb3 f6 51. Nxa5+ Kxb6 52. Kb4 Bd3 53. Nc4+ Kc6 54. Kc3 Be2 55. Ne3 Bxf3 56. Kd4 Kd7 57. Nf5 Bg2 58. Nxh6 Bxh3 59. Ke3 Bg2 60. Nf5 Ke6 61. Nd4+ Ke5 62. Ne2 Bc6 63. Ng3 Bd5 64. Ne2 Bb3 65. Nc3 Bc2 66. Kd2 Bb3 67. Ke3 Bd5 68. Nxd5 Kxd5 69. Kd3 Kd6 70. Kd4 Ke7 71. Ke3 Kd7 72. Kd3 Kc7 73. Kc3 Kb6 74. Kb4 Kc6 1/2-1/2

[Event "World Youth U-16 Olympiad 2018"]
[Site "Konya"]
[Date "2018.11.28"]
[Round "5"]
[White "Petriashvili, Nikoloz"]
[Black "Engel, Luis"]
[Result "1-0"]
[WhiteElo "2389"]
[BlackElo "2459"]
[Annotator "ChessBase"]
[PlyCount "137"]
[EventDate "2018.11.25"]
[EventType "team-tourn"]
[EventCountry "TUR"]
[SourceTitle "playchess.com"]
[Source "ChessBase"]
[SourceQuality "1"]
[WhiteTeam "Georgia"]
[BlackTeam "Germany"]
[WhiteTeamCountry "GEO"]
[BlackTeamCountry "GER"]

1. d4 Nf6 2. Nf3 d5 3. Bf4 c5 4. c3 Nc6 5. dxc5 e6 6. b4 a5 7. b5 Na7 8. e3 Bxc5 9. Nbd2 O-O 10. Bd3 Bd7 11. a4 Nc8 12. O-O Ne7 13. c4 Ng6 14. Bg3 Qe7 15. Nb3 Bb4 16. c5 Rfc8 17. Bd6 Qd8 18. h4 Ne8 19. Bg3 Bxc5 20. h5 Nf8 21. Nxc5 Rxc5 22. e4 h6 23. e5 Qe7 24. Bf4 f6 25. Be3 Rcc8 26. Bd4 fxe5 27. Nxe5 Nf6 28. Qf3 Be8 29. g4 N8d7 30. Rae1 Nc5 31. Bc2 Nxa4 32. Bxa4 Qb4 33. Qd1 Bxb5 34. Bxb5 Qxb5 35. Ng6 Re8 36. Bxf6 gxf6 37. Qc1 Kg7 38. Qc7+ Kg8 39. Ne7+ Kh8 40. Rxe6 Qc4 41. Ng6+ Kg8 42. Rxe8+ Rxe8 43. Qd7 Qe4 44. Rc1 f5 45. Qxf5 Qxf5 46. gxf5 Kg7 47. Rc7+ Kf6 48. Rxb7 Ra8 49. Ne7 d4 50. Nc6 d3 51. Rd7 a4 52. Nb4 a3 53. Na2 Kxf5 54. Rxd3 Kg4 55. Rd5 Kh4 56. Kh2 Rc8 57. Nb4 Rc4 58. Nd3 Ra4 59. f3 a2 60. Ne1 Rg4 61. Ra5 Rg5 62. Rxa2 Re5 63. Ng2+ Kxh5 64. Ra4 Kg6 65. Kg3 Rb5 66. Nh4+ Kh5 67. Ng2 Rf5 68. Rd4 Rf8 69. Rd5+ 1-0

[Event "World Youth U-16 Olympiad 2018"]
[Site "Konya"]
[Date "2018.11.28"]
[Round "5"]
[White "Barseghyan, Armen Ar."]
[Black "Iniyan, P."]
[Result "1-0"]
[WhiteElo "2386"]
[BlackElo "2468"]
[Annotator "TA"]
[PlyCount "55"]
[EventDate "2018.11.25"]
[EventType "team-tourn"]
[EventCountry "TUR"]
[SourceTitle "playchess.com"]
[Source "ChessBase"]
[SourceQuality "1"]
[WhiteTeam "Armenia"]
[WhiteTeamCountry "ARM"]

1. d4 Nf6 2. Nf3 g6 3. g3 Bg7 4. Bg2 d6 5. O-O O-O 6. Nc3 Nbd7 7. e4 e5 8. a4 c6 9. Re1 Re8 10. h3 Qc7 11. Be3 b6 12. Qd2 Bb7 13. Bh6 Bh8 14. Rad1 Rad8 15. Qc1 a6 16. dxe5 dxe5 17. Qa1 b5 18. Qa2 Nb6 19. Bf1 Rxd1 20. Rxd1 b4 21. a5 Nc8 22. Ng5 Bg7 23. Nxf7 Qxf7 24. Bc4 Nd5 25. exd5 Nd6 26. dxc6 Qxc4 27. Rxd6 Qxa2 28. Nxa2 1-0

[Event "World Youth U-16 Olympiad 2018"]
[Site "Konya"]
[Date "2018.11.28"]
[Round "5"]
[White "Can, Isik"]
[Black "Vlachos, Anatole"]
[Result "1-0"]
[WhiteElo "2382"]
[BlackElo "2434"]
[Annotator "TA"]
[PlyCount "93"]
[EventDate "2018.11.25"]
[EventType "team-tourn"]
[EventCountry "TUR"]
[SourceTitle "playchess.com"]
[Source "ChessBase"]
[SourceQuality "1"]
[WhiteTeam "Turkey"]
[BlackTeam "Greece"]
[WhiteTeamCountry "TUR"]
[BlackTeamCountry "GRE"]

1. e4 c5 2. Nf3 d6 3. d4 cxd4 4. Nxd4 Nf6 5. Nc3 g6 6. Be3 a6 7. f3 b5 8. Qd2 Bb7 9. a4 e5 10. Nb3 b4 11. Na2 d5 12. Bg5 Nbd7 13. exd5 Bxd5 14. Qxd5 Nxd5 15. Bxd8 Kxd8 16. O-O-O Ne3 17. Rd3 Nxf1 18. Rxf1 Ke8 19. Rfd1 Nb6 20. Na5 Nd7 21. Nb3 Nb6 22. Na5 Nxa4 23. Nc6 f6 24. Naxb4 Nb6 25. Nd5 Nxd5 26. Rxd5 Rc8 27. Rd8+ Rxd8 28. Rxd8+ Kf7 29. Kd1 Rg8 30. Ra8 Bc5 31. Rxa6 Bg1 32. h3 Rc8 33. Kd2 h5 34. Kd3 h4 35. c4 Rc7 36. b4 Rd7+ 37. Ke2 Kg7 38. Ra1 Bd4 39. Nxd4 Rxd4 40. Ra7+ Kh6 41. Rc7 f5 42. b5 e4 43. b6 exf3+ 44. gxf3 Rd8 45. b7 Rb8 46. c5 Kg5 47. c6 1-0

[Event "World Youth U-16 Olympiad 2018"]
[Site "Konya"]
[Date "2018.11.28"]
[Round "5"]
[White "Spyropoulos, Nikolaos"]
[Black "Tanriverdi, Enes"]
[Result "1-0"]
[WhiteElo "2378"]
[BlackElo "2317"]
[Annotator "TA"]
[PlyCount "79"]
[EventDate "2018.11.25"]
[EventType "team-tourn"]
[EventCountry "TUR"]
[SourceTitle "playchess.com"]
[Source "ChessBase"]
[SourceQuality "1"]
[WhiteTeam "Greece"]
[BlackTeam "Turkey"]
[WhiteTeamCountry "GRE"]
[BlackTeamCountry "TUR"]

1. e4 c5 2. Nf3 e6 3. d4 cxd4 4. Nxd4 Nc6 5. Nc3 Qc7 6. Qd3 Nf6 7. Ndb5 Qb8 8. Qg3 d6 9. Be3 a6 10. Nd4 h5 11. f3 Bd7 12. O-O-O b5 13. Nxc6 Bxc6 14. Bf4 h4 15. Qe1 Rh5 16. g4 hxg3 17. Qxg3 e5 18. Be3 Qb7 19. Bd3 g6 20. h4 Be7 21. Bg5 Nh7 22. Bxe7 Qxe7 23. f4 Nf6 24. Rhf1 Nd7 25. Be2 exf4 26. Rxf4 Rc5 27. h5 g5 28. Rf5 Rxf5 29. exf5 Ne5 30. h6 O-O-O 31. a4 Nc4 32. Bxc4 bxc4 33. Qg4 Qe3+ 34. Kb1 Qf4 35. Qg1 Qxf5 36. Rf1 Qe6 37. Qxg5 Rh8 38. h7 Be8 39. Qg8 Qe5 40. Rxf7 1-0

[Event "World Youth U-16 Olympiad 2018"]
[Site "Konya"]
[Date "2018.11.28"]
[Round "5"]
[White "Lashkin, Jegor"]
[Black "Parkhov, Yair"]
[Result "0-1"]
[WhiteElo "2367"]
[BlackElo "2330"]
[Annotator "TA"]
[PlyCount "100"]
[EventDate "2018.11.25"]
[EventType "team-tourn"]
[EventCountry "TUR"]
[SourceTitle "playchess.com"]
[Source "ChessBase"]
[SourceQuality "1"]
[WhiteTeam "Moldova"]
[BlackTeam "Israel"]
[WhiteTeamCountry "MDA"]
[BlackTeamCountry "ISR"]

1. Nf3 d5 2. d4 Nf6 3. c4 e6 4. Nc3 c6 5. e3 Nbd7 6. Qc2 Bd6 7. Bd3 O-O 8. O-O dxc4 9. Bxc4 b5 10. Be2 a6 11. Ng5 Be7 12. Nce4 Bb7 13. Bf3 Nxe4 14. Nxe4 Qb6 15. Bd2 f5 16. Nc5 Nxc5 17. Bb4 a5 18. Bxc5 Bxc5 19. dxc5 Qc7 20. e4 f4 21. e5 Qxe5 22. Rfe1 Qf5 23. Be4 Qh5 24. a4 b4 25. Qc4 Rad8 26. Qxe6+ Qf7 27. Bf3 Rfe8 28. Qxf7+ Kxf7 29. Red1 Rxd1+ 30. Rxd1 Re5 31. h4 Ke8 32. Rc1 Kd7 33. Rc4 Ke7 34. Kh2 Ba6 35. Re4 Ke6 36. Bg4+ Kd5 37. Rxf4 Be2 38. Bc8 Re7 39. Bg4 Bxg4 40. Rxg4 g6 41. b3 Re4 42. Rg5+ Kd4 43. h5 Rh4+ 44. Kg3 Rxh5 45. Rxh5 gxh5 46. f3 Kxc5 47. f4 Kd4 48. Kf3 c5 49. g3 c4 50. bxc4 b3 0-1

[Event "World Youth U-16 Olympiad 2018"]
[Site "Konya"]
[Date "2018.11.28"]
[Round "5"]
[White "Daghli, Arash"]
[Black "Milosevic, Milos"]
[Result "1-0"]
[WhiteElo "2352"]
[BlackElo "2293"]
[Annotator "RC"]
[PlyCount "81"]
[EventDate "2018.11.25"]
[EventType "team-tourn"]
[EventCountry "TUR"]
[SourceTitle "playchess.com"]
[Source "ChessBase"]
[SourceQuality "1"]
[WhiteTeam "Iran"]
[BlackTeam "Serbia"]
[WhiteTeamCountry "IRI"]
[BlackTeamCountry "SRB"]

1. e4 c5 2. Nf3 d6 3. d4 cxd4 4. Nxd4 Nf6 5. Nc3 a6 6. Be3 e5 7. Nb3 Be6 8. f3 Be7 9. Qd2 O-O 10. O-O-O Nbd7 11. g4 b5 12. g5 Nh5 13. Kb1 b4 14. Nd5 Bxd5 15. exd5 a5 16. Bb5 Qc7 17. Bc6 Ra6 18. Qd3 Nb8 19. Nd2 a4 20. Ne4 Nf4 21. Bxf4 exf4 22. Rhg1 a3 23. h4 Qd8 24. Qc4 axb2 25. Rd3 f5 26. Nf2 Qb6 27. Nh3 Nxc6 28. dxc6+ Kh8 29. Re1 Ra7 30. Nxf4 Qf2 31. Rde3 d5 32. Qxd5 b3 33. Qxb3 Bd6 34. Nd3 Qxh4 35. Re8 Ra8 36. Rxa8 Rxa8 37. Qf7 Bf8 38. Re8 Qh1+ 39. Kxb2 Rxe8 40. Qxe8 Kg8 41. c7 1-0

[Event "World Youth U-16 Olympiad 2018"]
[Site "Konya"]
[Date "2018.11.28"]
[Round "5"]
[White "Sankalp Gupta"]
[Black "Davtyan, Artur"]
[Result "1-0"]
[WhiteElo "2352"]
[BlackElo "2374"]
[Annotator "NA RC"]
[PlyCount "101"]
[EventDate "2018.11.25"]
[EventType "team-tourn"]
[EventCountry "TUR"]
[SourceTitle "playchess.com"]
[Source "ChessBase"]
[SourceQuality "1"]
[WhiteTeam "India"]
[BlackTeam "Armenia"]
[WhiteTeamCountry "IND"]
[BlackTeamCountry "ARM"]

1. e4 e5 2. Nf3 Nc6 3. Bb5 a6 4. Ba4 Nf6 5. O-O Nxe4 6. d4 b5 7. Bb3 d5 8. Nxe5 Nxe5 9. dxe5 c6 10. Be3 Be6 11. c3 Be7 12. f3 Nc5 13. Bc2 Qd7 14. f4 Bf5 15. Nd2 O-O 16. Qb1 Bxc2 17. Qxc2 f6 18. exf6 Rxf6 19. Bd4 Qf5 20. Qxf5 Rxf5 21. Rae1 Bd6 22. g3 Nd3 23. Re6 Rd8 24. b4 Nb2 25. Rfe1 Rff8 26. Nb3 Nc4 27. Nc5 Kf7 28. R1e2 a5 29. bxa5 Nxa5 30. f5 Nc4 31. g4 Rfe8 32. Nb7 Rb8 33. Rxe8 Rxe8 34. Rxe8 Kxe8 35. Nxd6+ Nxd6 36. Bxg7 Ne4 37. Kg2 Kf7 38. Be5 c5 39. h4 Nd2 40. g5 Nc4 41. Bf4 d4 42. cxd4 cxd4 43. h5 d3 44. Kf2 Kg7 45. h6+ Kf7 46. g6+ Kg8 47. Ke1 b4 48. Kd1 Na5 49. f6 hxg6 50. Be5 Nc6 51. f7+ 1-0